[Event "Vancouver active"]
[Site "Vancouver CAN"]
[Date "2002.??.??"]
[Round "4"]
[White "De Vries, Peter"]
[Black "Meng, Fanhao"]
[Result "1/2-1/2"]
[WhiteElo "1614"]
[BlackElo "2295"]
[PlyCount "91"]
[EventDate "2002.??.??"]
[EventType "rapid"]
[EventCountry "CAN"]
[Source "CFC"]
[SourceDate "2002.08.??"]

1. e4 e5 2. Nf3 Nc6 3. Bb5 a6 4. Ba4 Nf6 5. Qe2 b5 6. Bb3 Be7 7. c3 d6 8. d3
O-O 9. O-O Na5 10. Bc2 c5 11. Rd1 Qc7 12. Nbd2 Nc6 13. Nf1 Ne8 14. Ng3 g6 15.
Ng5 Ng7 16. f4 Qd8 17. Bb3 exf4 18. Nxf7 Rxf7 19. Bxf7+ Kxf7 20. Bxf4 Bg5 21.
Rf1 Kg8 22. Rf2 Be6 23. a3 Ne5 24. Qd2 Bxf4 25. Rxf4 Qe7 26. Raf1 c4 27. d4 Nd3
28. Rf6 Ne8 29. Rf8+ Qxf8 30. Rxf8+ Kxf8 31. Qh6+ Kg8 32. e5 d5 33. Nh5 Bg4 34.
Nf6+ Nxf6 35. exf6 Ra7 36. Qe3 Kf7 37. h3 Be6 38. Qf3 Nxb2 39. g4 g5 40. Qe3 h6
41. Qe5 Rb7 42. Qd6 Kxf6 43. Qf8+ Kg6 44. Qe8+ Kf6 45. Qf8+ Kg6 46. Qe8+
1/2-1/2

[Event "Victoria Day U1900"]
[Site "Toronto CAN"]
[Date "2002.05.20"]
[Round "5"]
[White "Armstrong, Robert J"]
[Black "Panjwani, Dilip"]
[Result "0-1"]
[WhiteElo "1681"]
[BlackElo "1739"]
[PlyCount "68"]
[EventDate "2002.05.18"]
[EventType "swiss"]
[EventRounds "6"]
[EventCountry "CAN"]

1. g3 d5 2. Bg2 c5 3. d3 Nc6 4. Nc3 e6 5. Bd2 Nf6 6. e4 d4 7. Nce2 e5 8. f4 Bd6
9. Nf3 Bg4 10. h3 Bxf3 11. Bxf3 Qb6 12. Rb1 O-O-O 13. a3 Qa6 14. Qc1 Rd7 15. b4
cxb4 16. axb4 Qb5 17. fxe5 Bxe5 18. O-O Rc7 19. Qa3 Qb6 20. Rfc1 Qb5 21. Bf4
Nd7 22. Bg4 Kb8 23. Bxd7 Rxd7 24. c4 dxc3 25. Rxc3 Bxf4 26. Nxf4 Qb6+ 27. Kg2
Qe3 28. Rb2 Ne5 29. Nd5 Qd4 30. b5 Rxd5 31. exd5 Qxd5+ 32. Kh2 Nf3+ 33. Kh1
Nd4+ 34. Rg2 Ne2 0-1

[Event "Victoria Day U1900"]
[Site "Toronto CAN"]
[Date "2002.05.20"]
[Round "5"]
[White "Gaj, Milos"]
[Black "Siddeley, Hugh"]
[Result "0-1"]
[WhiteElo "1863"]
[BlackElo "1745"]
[PlyCount "46"]
[EventDate "2002.05.18"]
[EventType "swiss"]
[EventRounds "6"]
[EventCountry "CAN"]

1. e4 c5 2. Nf3 Nc6 3. d4 cxd4 4. Nxd4 e5 5. Nb5 d6 6. c4 Be7 7. Be2 a6 8. N5a3
Nd4 9. Bg4 Bxg4 10. Qxg4 Nf6 11. Qxg7 Rg8 12. Qh6 Rg6 13. Qh3 Nxe4 14. O-O Ne2+
15. Kh1 Nxc1 16. Qe3 f5 17. Qxc1 Qb6 18. Qc2 Bh4 19. c5 Qb4 20. g3 Nxg3+ 21.
fxg3 Bxg3 22. hxg3 Rxg3 23. Qxf5 Qh4+ 0-1

[Event "Victoria Day U2100"]
[Site "Toronto CAN"]
[Date "2002.05.18"]
[Round "1"]
[White "Henry, Liam"]
[Black "Henderson, Fred"]
[Result "0-1"]
[WhiteElo "1748"]
[BlackElo "1948"]
[PlyCount "29"]
[EventDate "2002.05.18"]
[EventType "swiss"]
[EventRounds "6"]
[EventCountry "CAN"]

1. e4 c6 2. d4 d5 3. Nc3 dxe4 4. Nxe4 Nd7 5. Nf3 Ngf6 6. Nxf6+ Nxf6 7. Bc4 e6
8. Bg5 Be7 9. Qe2 Nd5 10. Bxe7 Qxe7 11. O-O-O O-O 12. h4 Rd8 13. Bd3 Nf4 14.
Qe4 Nxd3+ 15. Rxd3 0-1

[Event "Victoria Day U2100"]
[Site "Toronto CAN"]
[Date "2002.05.18"]
[Round "2"]
[White "Haziprodromu, Sam"]
[Black "Verde, Pino"]
[Result "1-0"]
[WhiteElo "1927"]
[BlackElo "1833"]
[PlyCount "39"]
[EventDate "2002.05.18"]
[EventType "swiss"]
[EventRounds "6"]
[EventCountry "CAN"]

1. e4 d6 2. d4 Nd7 3. Nf3 Ngf6 4. Nc3 e5 5. Bg5 Be7 6. Qd2 c6 7. O-O-O Qa5 8.
Kb1 b5 9. Bd3 Rb8 10. h3 c5 11. dxe5 dxe5 12. Rhe1 c4 13. Bf1 b4 14. Nd5 c3 15.
Qc1 Nc5 16. Nxe7 b3 17. cxb3 Nfxe4 18. Nc6 Nd2+ 19. Nxd2 cxd2 20. Rxe5+ 1-0

[Event "Victoria Day U2100"]
[Site "Toronto CAN"]
[Date "2002.05.19"]
[Round "3"]
[White "Pauric, Ivan"]
[Black "Dutton, Warren"]
[Result "1-0"]
[WhiteElo "2073"]
[BlackElo "1993"]
[PlyCount "51"]
[EventDate "2002.05.18"]
[EventType "swiss"]
[EventRounds "6"]
[EventCountry "CAN"]

1. d4 Nf6 2. Nf3 d6 3. c4 g6 4. Nc3 Bg7 5. e4 O-O 6. Be2 e5 7. O-O Nc6 8. d5
Ne7 9. Ne1 Nd7 10. Be3 f5 11. f3 f4 12. Bf2 g5 13. a4 a6 14. b4 Ng6 15. a5 Nf6
16. c5 h5 17. cxd6 cxd6 18. Na4 Bd7 19. Nb6 Rb8 20. Rc1 Rf7 21. Nxd7 Nxd7 22.
Qc2 Nf6 23. Bb6 Qf8 24. b5 Nd7 25. Bc7 Rc8 26. bxa6 1-0

[Event "Victoria Day U2100"]
[Site "Toronto CAN"]
[Date "2002.05.19"]
[Round "4"]
[White "Dutton, Warren"]
[Black "Srinivasan, Gajana"]
[Result "1-0"]
[WhiteElo "1993"]
[BlackElo "1941"]
[PlyCount "61"]
[EventDate "2002.05.18"]
[EventType "swiss"]
[EventRounds "6"]
[EventCountry "CAN"]

1. e4 c5 2. Nf3 Nc6 3. d4 cxd4 4. Nxd4 e5 5. Nxc6 bxc6 6. Nc3 Nf6 7. a3 h6 8.
h3 Bc5 9. Bc4 O-O 10. O-O Bb7 11. Qf3 d5 12. Ba2 Bb6 13. Qg3 d4 14. Rd1 Kh7 15.
Qxe5 Re8 16. Qf5+ g6 17. Qf4 g5 18. Qf5+ Kg7 19. e5 Nd7 20. Qxf7+ Kh8 21. Qg6
Re7 22. e6 Qf8 23. Ne4 Ne5 24. Qh5 c5 25. Nxg5 Qg7 26. Bf4 Bc7 27. Re1 Nf3+ 28.
Nxf3 Bxf4 29. Bd5 Rg8 30. g4 Ba6 31. Ne5 1-0

[Event "Victoria Day U2100"]
[Site "Toronto CAN"]
[Date "2002.05.20"]
[Round "5"]
[White "Richardson, Ross"]
[Black "Henry, Liam"]
[Result "0-1"]
[WhiteElo "1959"]
[BlackElo "1748"]
[PlyCount "74"]
[EventDate "2002.05.18"]
[EventType "swiss"]
[EventRounds "6"]
[EventCountry "CAN"]

1. d4 Nf6 2. Nf3 g6 3. g3 Bg7 4. Bg2 O-O 5. O-O d6 6. c4 c6 7. Nc3 Nbd7 8. e4
e5 9. h3 Qe7 10. Re1 Ne8 11. Be3 f5 12. Bg5 Qf7 13. b3 h6 14. Bc1 g5 15. exf5
Qxf5 16. g4 Qf7 17. Be3 Nef6 18. Rc1 e4 19. Nd2 d5 20. cxd5 cxd5 21. Nb5 Ne8
22. Nc7 Nxc7 23. Rxc7 Qg6 24. Qc2 Nf6 25. Rc1 h5 26. f3 hxg4 27. hxg4 Bxg4 28.
fxe4 dxe4 29. Nxe4 Nxe4 30. Bxe4 Qh5 31. Qc4+ Kh8 32. Rc2 Bh3 33. Rxg7 Kxg7 34.
Qc7+ Rf7 35. Qe5+ Kg8 36. d5 Rf1+ 37. Kh2 Bg4+ 0-1

[Event "Victoria Day U2100"]
[Site "Toronto CAN"]
[Date "2002.05.20"]
[Round "5"]
[White "Verde, Pino"]
[Black "Hier, David"]
[Result "0-1"]
[WhiteElo "1831"]
[BlackElo "1856"]
[PlyCount "48"]
[EventDate "2002.05.18"]
[EventType "swiss"]
[EventRounds "6"]
[EventCountry "CAN"]

1. g4 d5 2. Bg2 c6 3. h3 e5 4. d3 Nd7 5. Nf3 Bd6 6. c4 Ne7 7. Nc3 O-O 8. cxd5
cxd5 9. Ng5 Nb6 10. Qb3 h6 11. Nf3 Be6 12. d4 e4 13. Nd2 Nc6 14. e3 Nb4 15. Bf1
Qh4 16. Nb5 Rac8 17. Nc3 Bxg4 18. a3 Bg3 19. hxg4 Bxf2+ 20. Ke2 Qxh1 21. axb4
Qg1 22. Nd1 Bg3 23. Nc3 Nc4 24. Qd1 Qf2# 0-1

[Event "Victoria Day op"]
[Site "Toronto CAN"]
[Date "2002.05.18"]
[Round "1"]
[White "Torres, Juan Carlos"]
[Black "Urquhart, Eddie"]
[Result "0-1"]
[WhiteElo "2048"]
[BlackElo "2246"]
[PlyCount "104"]
[EventDate "2002.05.18"]
[EventType "swiss"]
[EventRounds "6"]
[EventCountry "CAN"]

1. d4 Nf6 2. Nf3 b6 3. g3 Bb7 4. Bg2 e6 5. O-O Be7 6. b3 O-O 7. Bb2 d5 8. Nbd2
Nbd7 9. c4 c5 10. e3 dxc4 11. bxc4 Qc7 12. Rc1 Rfd8 13. Qb3 Ne4 14. Nxe4 Bxe4
15. Nd2 Bxg2 16. Kxg2 Rac8 17. Rfd1 Qb7+ 18. f3 Nf6 19. dxc5 Rxc5 20. Bxf6 Bxf6
21. Ne4 Rxd1 22. Rxd1 Ra5 23. Nxf6+ gxf6 24. e4 Qc7 25. f4 Kg7 26. a4 Qc6 27.
Qf3 h5 28. Rd4 Qc5 29. Qc3 Rxa4 30. e5 Ra2+ 31. Kh3 f5 32. Rd2 Ra3 33. Qd4 Qxd4
34. Rxd4 Ra2 35. Rd7 Rc2 36. Rxa7 Rxc4 37. Rb7 Rb4 38. Kh4 Kg6 39. Rb8 Rb2 40.
h3 Rb3 41. Rg8+ Kh6 42. Rg5 b5 43. Rxh5+ Kg7 44. g4 Rf3 45. Kg5 Rg3 46. Kh4 Rf3
47. Kg5 b4 48. gxf5 b3 49. Kg4 Rf1 50. f6+ Kg8 51. Rg5+ Kf8 52. Rh5 Rg1+ 0-1

[Event "Victoria Day op"]
[Site "Toronto CAN"]
[Date "2002.05.19"]
[Round "3"]
[White "Urquhart, Eddie"]
[Black "Khaziyeva, Dinara"]
[Result "1/2-1/2"]
[WhiteElo "2246"]
[BlackElo "2019"]
[PlyCount "67"]
[EventDate "2002.05.18"]
[EventType "swiss"]
[EventRounds "6"]
[EventCountry "CAN"]

1. f4 d5 2. e3 Nf6 3. Nf3 e6 4. Be2 Be7 5. O-O O-O 6. d4 Ne4 7. Nbd2 f5 8. Nxe4
fxe4 9. Ne5 Bd6 10. Bd2 Bxe5 11. fxe5 Nc6 12. c4 Ne7 13. Rxf8+ Qxf8 14. Bb4 Qd8
15. Bxe7 Qxe7 16. Qb3 c6 17. Rf1 b6 18. a4 Ba6 19. Rf4 Rf8 20. Rxf8+ Qxf8 21.
h3 Qe7 22. Qc3 c5 23. b3 g6 24. Qc2 Qg5 25. Qc3 h5 26. Bf1 Qg3 27. dxc5 bxc5
28. cxd5 Bxf1 29. Kxf1 exd5 30. Qxc5 Qxe5 31. Qc8+ Kg7 32. Qc5 Qa1+ 33. Kf2
Qb2+ 34. Kg1 1/2-1/2

[Event "Victoria Day op"]
[Site "Toronto CAN"]
[Date "2002.05.19"]
[Round "4"]
[White "Nagy, Julius"]
[Black "Lucki, Arnie"]
[Result "1/2-1/2"]
[WhiteElo "1759"]
[BlackElo "1900"]
[PlyCount "100"]
[EventDate "2002.05.18"]
[EventType "swiss"]
[EventRounds "6"]
[EventCountry "CAN"]

1. e4 c5 2. Nc3 e6 3. g3 d5 4. exd5 exd5 5. d4 Nf6 6. Bg5 Be7 7. Bg2 O-O 8.
Nge2 cxd4 9. Nxd4 Nc6 10. Nxc6 bxc6 11. O-O h6 12. Bc1 Qa5 13. a3 Rb8 14. Ne2
Ba6 15. Bd2 Qb6 16. b4 Rfe8 17. Be3 Qc7 18. Re1 Ng4 19. Bd4 Bf6 20. Bxf6 Nxf6
21. Bf1 Ne4 22. Qd4 Ng5 23. Kg2 Re4 24. Qd2 Qd7 25. Ng1 Bxf1+ 26. Rxf1 Rbe8 27.
Rae1 Qf5 28. f3 Rxe1 29. Rxe1 Rxe1 30. Qxe1 Qxc2+ 31. Qe2 Qc3 32. h4 Ne6 33. f4
Qxa3 34. f5 Nf8 35. Qd2 Qa1 36. Nf3 Qf6 37. Nd4 Nd7 38. Kh3 c5 39. bxc5 Nxc5
40. g4 Qa6 41. Kg2 Ne4 42. Qb2 Qd6 43. Nf3 a5 44. g5 hxg5 45. hxg5 Qa6 46. Qb8+
Kh7 47. Qh2+ Kg8 48. Qb8+ Kh7 49. Qh2+ Kg8 50. Qb8+ Kh7 1/2-1/2

[Event "Victoria Day op"]
[Site "Toronto CAN"]
[Date "2002.05.19"]
[Round "4"]
[White "Urquhart, Eddie"]
[Black "Veltmann, Martin"]
[Result "1/2-1/2"]
[WhiteElo "2246"]
[BlackElo "2125"]
[PlyCount "133"]
[EventDate "2002.05.18"]
[EventType "swiss"]
[EventRounds "6"]
[EventCountry "CAN"]

1. e4 c5 2. Nc3 d6 3. f4 g6 4. Nf3 Bg7 5. Bc4 Nc6 6. O-O e6 7. d3 Nge7 8. Qe1
O-O 9. f5 d5 10. Bb3 c4 11. dxc4 dxe4 12. f6 exf3 13. fxg7 Kxg7 14. Rxf3 Nf5
15. Bf4 f6 16. Rd1 Qb6+ 17. Kh1 Ncd4 18. Rfd3 Nxb3 19. cxb3 e5 20. Nd5 Qc6 21.
Bd2 b6 22. Bb4 Rf7 23. g4 Nd4 24. g5 Bb7 25. gxf6+ Qxf6 26. Qe4 Qf5 27. Qxf5
Nxf5 28. Bc3 Re8 29. Kg1 Kg8 30. Rh3 Bxd5 31. cxd5 e4 32. Kf2 Rd7 33. Ke2 h5
34. Bf6 Kf7 35. Bg5 Re5 36. Rc3 Rexd5 37. Rxd5 Rxd5 38. Rc7+ Ke6 39. h4 Rd7 40.
Rc8 Nd6 41. Rg8 Kf5 42. a4 Nf7 43. Be3 Ne5 44. b4 Rf7 45. a5 Nc4 46. a6 Nxb2
47. Rc8 Nd3 48. b5 Ne5 49. Rb8 Nc4 50. Rd8 Ke6 51. Rg8 Kf5 52. Rd8 Re7 53. Bd4
Ke6 54. Rg8 Nd6 55. Rxg6+ Kd5 56. Bf6 Re6 57. Rg5+ Kc4 58. Bb2 Nxb5 59. Rxh5
Rg6 60. Rg5 Rxg5 61. hxg5 Kd5 62. g6 Ke6 63. Ke3 Nc7 64. Kxe4 Nxa6 65. g7 Kf7
66. Kd5 Nb4+ 67. Kc4 1/2-1/2

[Event "Victoria Day op"]
[Site "Toronto CAN"]
[Date "2002.05.20"]
[Round "5"]
[White "Ochkoos, Jura"]
[Black "Urquhart, Eddie"]
[Result "0-1"]
[WhiteElo "2366"]
[BlackElo "2246"]
[PlyCount "62"]
[EventDate "2002.05.18"]
[EventType "swiss"]
[EventRounds "6"]
[EventCountry "CAN"]

1. e4 b6 2. d4 Bb7 3. d5 Nf6 4. Nc3 e6 5. a3 Be7 6. Nf3 O-O 7. Bc4 exd5 8. exd5
d6 9. O-O Nbd7 10. Qd4 Re8 11. Bf4 Nh5 12. Be3 Bf6 13. Qd2 g6 14. Rad1 a6 15.
a4 Nc5 16. Nd4 Qd7 17. b3 Ng7 18. Be2 Ne4 19. Nxe4 Rxe4 20. Bf3 Re7 21. c4 h5
22. a5 bxa5 23. Qxa5 Nf5 24. Nxf5 Qxf5 25. h3 Rae8 26. b4 Bc8 27. Qa3 Be5 28.
Qc1 Bf6 29. Qd2 Qe5 30. c5 Qc3 31. Rb1 Rxe3 0-1

[Event "Victoria Day op"]
[Site "Toronto CAN"]
[Date "2002.05.18"]
[Round "1"]
[White "Le, Ken"]
[Black "Veltmann, Martin"]
[Result "0-1"]
[WhiteElo "1810"]
[BlackElo "2125"]
[PlyCount "84"]
[EventDate "2002.05.18"]
[EventType "swiss"]
[EventRounds "6"]
[EventCountry "CAN"]

1. Nf3 Nf6 2. c4 g6 3. Nc3 Bg7 4. d4 O-O 5. e4 d6 6. Bf4 Bg4 7. Be2 Nbd7 8. Qd2
c6 9. h3 Bxf3 10. gxf3 e5 11. dxe5 dxe5 12. Bh6 Bxh6 13. Qxh6 Nc5 14. Rd1 Qe7
15. b4 Ne6 16. c5 a5 17. a3 axb4 18. axb4 b6 19. O-O bxc5 20. bxc5 Nf4 21. Rd6
Ra3 22. Bd1 Rxc3 23. Qh4 N6d5 24. Qg4 Nb4 25. Kh2 Rxc5 26. Rd7 Qe6 27. Qxe6
Nxe6 28. Bb3 Nd4 29. Bd1 Nd3 30. h4 Ra8 31. h5 Kg7 32. f4 Nxf4 33. hxg6 hxg6
34. Bg4 Rca5 35. Rb1 R5a7 36. Rd6 Rc7 37. Rb6 c5 38. f3 c4 39. Kg3 Nfe2+ 40.
Kh4 c3 41. Kg5 Nf4 42. Rf6 c2 0-1

[Event "Victoria Day op"]
[Site "Toronto CAN"]
[Date "2002.05.18"]
[Round "2"]
[White "Veltmann, Martin"]
[Black "Voloaca, Mihnea"]
[Result "1-0"]
[WhiteElo "2125"]
[BlackElo "2284"]
[PlyCount "51"]
[EventDate "2002.05.18"]
[EventType "swiss"]
[EventRounds "6"]
[EventCountry "CAN"]

1. Nf3 d5 2. g3 Nf6 3. Bg2 c5 4. O-O Nc6 5. d3 g6 6. b3 Bg7 7. Bb2 O-O 8. Nbd2
d4 9. c4 e5 10. a3 Re8 11. Ng5 Qe7 12. b4 Nd7 13. Nge4 cxb4 14. axb4 Nxb4 15.
Ba3 Rb8 16. Qa4 a5 17. Qxa5 Nc6 18. Bxe7 Nxa5 19. Bd6 Nc6 20. Bxb8 Ndxb8 21.
Nd6 Rd8 22. Nxc8 Rxc8 23. Rfb1 Rc7 24. Ra8 Bf8 25. Nb3 Kg7 26. Na5 1-0

[Event "Victoria Day op"]
[Site "Toronto CAN"]
[Date "2002.05.19"]
[Round "3"]
[White "Veltmann, Martin"]
[Black "Findlay, Ian"]
[Result "0-1"]
[WhiteElo "2125"]
[BlackElo "2359"]
[PlyCount "44"]
[EventDate "2002.05.18"]
[EventType "swiss"]
[EventRounds "6"]
[EventCountry "CAN"]

1. Nf3 Nf6 2. c4 c5 3. Nc3 d5 4. cxd5 Nxd5 5. Nxd5 Qxd5 6. g3 Nc6 7. Bg2 e5 8.
d3 Be7 9. O-O O-O 10. Be3 Bd7 11. a3 Qd6 12. Rc1 b6 13. Nd2 Rac8 14. Ne4 Qg6
15. Nc3 f5 16. Nd5 f4 17. Nxe7+ Nxe7 18. Bd2 Nf5 19. Bc3 Rfe8 20. b4 Bc6 21.
Bxc6 Rxc6 22. Be1 Qh5 0-1

[Event "Victoria Day op"]
[Site "Toronto CAN"]
[Date "2002.05.20"]
[Round "5"]
[White "Veltmann, Martin"]
[Black "Raheb, David"]
[Result "1-0"]
[WhiteElo "2125"]
[BlackElo "2218"]
[PlyCount "74"]
[EventDate "2002.05.18"]
[EventType "swiss"]
[EventRounds "6"]
[EventCountry "CAN"]

1. Nf3 Nf6 2. g3 g6 3. Bg2 Bg7 4. O-O O-O 5. c4 d6 6. Nc3 Nc6 7. d3 Bg4 8. Rb1
Qd7 9. b4 e5 10. Re1 Nh5 11. b5 Nd8 12. Ba3 Bh3 13. c5 Bxg2 14. Kxg2 dxc5 15.
Bxc5 Re8 16. Qb3 Ne6 17. Ba3 h6 18. Ne4 b6 19. Rbc1 f5 20. Ned2 Kh7 21. Qc4
Rad8 22. Rc2 e4 23. dxe4 fxe4 24. Nxe4 Nef4+ 25. Kh1 Qf5 26. Ned2 Nh3 27. Rf1
Rxe2 28. Qxe2 Qxc2 29. Bc1 Qxa2 30. Qe7 Rd3 31. Kg2 Qd5 32. Ne4 Qf5 33. Be3 Rd7
34. Qb4 a5 35. bxa6 c5 36. Qa4 Rf7 37. Nh4 Qe6 1-0

[Event "Victoria Day op"]
[Site "Toronto CAN"]
[Date "2002.05.20"]
[Round "6"]
[White "Ochkoos, Jura"]
[Black "Veltmann, Martin"]
[Result "1-0"]
[WhiteElo "2366"]
[BlackElo "2125"]
[PlyCount "95"]
[EventDate "2002.05.18"]
[EventType "swiss"]
[EventRounds "6"]
[EventCountry "CAN"]

1. d4 Nf6 2. c4 g6 3. Nc3 Bg7 4. e4 d6 5. Nf3 O-O 6. Be2 Bg4 7. O-O e5 8. d5
Nbd7 9. Be3 h6 10. Nd2 Bxe2 11. Qxe2 a5 12. a3 Nh5 13. g3 Qe7 14. b4 Kh7 15.
Nb3 b6 16. Nb5 Ndf6 17. f3 axb4 18. axb4 Rxa1 19. Rxa1 Ne8 20. Ra7 Qd8 21. c5
bxc5 22. bxc5 f5 23. c6 f4 24. Bf2 fxg3 25. hxg3 Rf7 26. Nd2 Bf8 27. Nf1 Qf6
28. Ra8 Nhg7 29. Kg2 g5 30. Ne3 Qg6 31. g4 h5 32. Nf5 hxg4 33. fxg4 Qf6 34. Ng3
Be7 35. Be3 Rf8 36. Ra1 Kg8 37. Rh1 Bd8 38. Nc3 Qg6 39. Nf5 Nxf5 40. gxf5 Qg7
41. Qh5 Rf7 42. Kf3 Qh7 43. Qxh7+ Rxh7 44. Rg1 Rh3+ 45. Ke2 Kh7 46. Ra1 Nf6 47.
Ra8 Ng4 48. Nd1 1-0

[Event "Whig-Standard"]
[Site "Kingston CAN"]
[Date "2002.12.16"]
[Round "5"]
[White "Coppin, Wayne"]
[Black "McKay, Geoff"]
[Result "1-0"]
[WhiteElo "2070"]
[BlackElo "2069"]
[PlyCount "71"]
[EventDate "2002.11.18"]
[EventType "swiss"]
[EventRounds "8"]
[EventCountry "CAN"]

1. e4 Nf6 2. e5 Nd5 3. d4 d6 4. Nf3 g6 5. Bc4 c6 6. h3 Bg7 7. O-O O-O 8. a4 Be6
9. Bb3 dxe5 10. Nxe5 Nd7 11. c4 N5b6 12. Qe2 Nxe5 13. dxe5 Nd7 14. f4 Qb6+ 15.
Qe3 Nc5 16. Rf3 Nxb3 17. Qxb6 axb6 18. Rxb3 b5 19. Nd2 Rfb8 20. Rb4 bxc4 21.
Ne4 b6 22. a5 c5 23. Rxb6 Bd5 24. Rxb8+ Rxb8 25. Nc3 Bc6 26. a6 f6 27. a7 Rd8
28. Be3 fxe5 29. Ra6 Ba8 30. Rb6 Kf7 31. Rb8 Ke8 32. Nb5 Kd7 33. Bxc5 exf4 34.
Bb6 Rc8 35. Nc7 Bc6 36. Ne6 1-0

[Event "Whig-Standard"]
[Site "Kingston CAN"]
[Date "2002.12.23"]
[Round "6"]
[White "Gordon, David"]
[Black "Sibbald, Peter"]
[Result "1/2-1/2"]
[WhiteElo "1813"]
[BlackElo "2001"]
[PlyCount "101"]
[EventDate "2002.11.18"]
[EventType "swiss"]
[EventRounds "8"]
[EventCountry "CAN"]

1. d4 Nf6 2. c4 g6 3. Nc3 Bg7 4. e4 d6 5. Nge2 O-O 6. Ng3 Nbd7 7. Be2 e5 8. d5
a5 9. Bg5 Nc5 10. Qd2 a4 11. Rc1 Bd7 12. h4 h5 13. f3 c6 14. Nf1 Qc8 15. Ne3
Qc7 16. Ned1 Rae8 17. Nf2 Nh7 18. g4 hxg4 19. fxg4 f5 20. gxf5 gxf5 21. Bh5
Nxg5 22. Qxg5 Rd8 23. Rg1 Bc8 24. Bg6 fxe4 25. Nfxe4 Nd3+ 26. Kd2 Nxc1 27. Kxc1
b5 28. Qh5 Rf4 29. Bh7+ Kf8 30. Ne2 cxd5 31. Nxf4 exf4 32. Nc3 b4 33. Qxd5 Qf7
34. Qxf7+ Kxf7 35. Nd5 b3 36. Bg6+ Kf8 37. axb3 axb3 38. Rf1 Bh6 39. Kb1 Kg7
40. h5 Rf8 41. Be4 Bf5 42. Rg1+ Kh7 43. Bxf5+ Rxf5 44. Kc1 f3+ 45. Kd1 Bg7 46.
Nc3 Rxh5 47. Rf1 Rf5 48. Kd2 Kg6 49. Ke3 Kf7 50. Ne4 Ke7 51. Rxf3 1/2-1/2

[Event "Whig-Standard"]
[Site "Kingston CAN"]
[Date "2003.01.20"]
[Round "8"]
[White "Coppin, Wayne"]
[Black "Sibbald, Peter"]
[Result "0-1"]
[WhiteElo "2070"]
[BlackElo "2001"]
[PlyCount "60"]
[EventDate "2002.11.18"]
[EventType "swiss"]
[EventRounds "8"]
[EventCountry "CAN"]

1. e4 e6 2. d4 d5 3. exd5 exd5 4. c4 Nf6 5. Nc3 Bb4 6. Bd3 Be6 7. c5 Nc6 8.
Nge2 Qd7 9. Qc2 Bxc3+ 10. bxc3 h6 11. O-O O-O 12. Nf4 b6 13. Ba3 Rfe8 14. Rae1
Ne7 15. Nxe6 fxe6 16. Re2 Ne4 17. Bxe4 dxe4 18. Rxe4 Nd5 19. Rfe1 b5 20. Bb2
Nf6 21. R4e2 Re7 22. Qg6 Qe8 23. Qc2 Qc6 24. Bc1 Rae8 25. Bxh6 gxh6 26. f4 Rg7
27. f5 exf5 28. Rxe8+ Nxe8 29. d5 Qxc5+ 30. Kh1 Nd6 0-1

[Event "Winnipeg"]
[Site "Winnipeg CAN"]
[Date "2002.??.??"]
[Round "?"]
[White "Lipnowski, Samuel"]
[Black "Gibbons, Lorne"]
[Result "1-0"]
[WhiteElo "2077"]
[BlackElo "1326"]
[PlyCount "43"]
[EventDate "2002.??.??"]
[EventType "swiss"]
[EventRounds "4"]
[EventCountry "CAN"]
[Source "ChessBase"]
[SourceDate "2003.11.25"]

1. d4 d5 2. c4 e6 3. Nc3 Bb4 4. Nf3 c6 5. Bg5 f6 6. Bf4 dxc4 7. e4 b5 8. Be2
Nd7 9. O-O Bxc3 10. bxc3 Nb6 11. a4 a6 12. a5 Na4 13. Rxa4 bxa4 14. Qxa4 Bd7
15. Bd6 Ne7 16. Qa3 f5 17. Bxc4 h6 18. Ne5 g6 19. Rb1 Rh7 20. Rb7 Nc8 21. Bc5
Qg5 22. Bxe6 1-0

[Event "Winnipeg op"]
[Site "Winnipeg CAN"]
[Date "2002.06.21"]
[Round "1.1"]
[White "Sapina, Hrvoje"]
[Black "Kaptsan, Aron"]
[Result "0-1"]
[WhiteElo "1649"]
[BlackElo "2105"]
[PlyCount "61"]
[EventDate "2002.06.21"]
[EventType "swiss"]
[EventRounds "5"]
[EventCountry "CAN"]

1. e4 e6 2. f4 c5 3. Nf3 Nc6 4. Bb5 Nge7 5. O-O a6 6. Be2 d5 7. d3 Ng6 8. Ng5
Be7 9. Nf3 O-O 10. Be3 d4 11. Bd2 Qc7 12. Qc1 Bd7 13. Kh1 f5 14. e5 Rfd8 15.
Ng1 Bf8 16. Be1 Nce7 17. Rf3 Bc6 18. Rg3 Nd5 19. Bd2 Be7 20. Nf3 b5 21. Ng5
Bxg5 22. Rxg5 Nh8 23. Qe1 Nf7 24. Rh5 g6 25. Qg3 Qe7 26. Bf3 Qf8 27. Bxd5 Bxd5
28. Ba5 Rdc8 29. a3 Qg7 30. Rh3 c4 31. dxc4 0-1

[Event "Winnipeg op"]
[Site "Winnipeg CAN"]
[Date "2002.06.21"]
[Round "1.2"]
[White "Lipnowski, Samuel"]
[Black "Gannon, Keith"]
[Result "1-0"]
[WhiteElo "2034"]
[BlackElo "1558"]
[PlyCount "67"]
[EventDate "2002.06.21"]
[EventType "swiss"]
[EventRounds "5"]
[EventCountry "CAN"]

1. e4 Nf6 2. e5 Nd5 3. d4 e6 4. c4 Bb4+ 5. Nd2 Ne7 6. a3 Bxd2+ 7. Bxd2 b6 8.
Qg4 g6 9. Bg5 d5 10. Nf3 Ba6 11. c5 Bxf1 12. Kxf1 Qd7 13. Qf4 bxc5 14. dxc5
Nbc6 15. b4 a6 16. g4 Ng8 17. Bf6 Nxf6 18. Qxf6 Rg8 19. Ng5 h6 20. Nh7 Qe7 21.
Qf4 O-O-O 22. Nf6 Rh8 23. a4 g5 24. Qd2 Nxe5 25. Nh5 Nxg4 26. Qe2 Nf6 27. c6
Qxb4 28. Qxa6+ Kb8 29. Nxf6 Qc4+ 30. Qxc4 dxc4 31. Nd7+ Ka7 32. Ke2 g4 33. Rhb1
Ka8 34. Rb5 1-0

[Event "Winnipeg op"]
[Site "Winnipeg CAN"]
[Date "2002.06.21"]
[Round "1.3"]
[White "Anderson, George"]
[Black "Khedkar, Jay"]
[Result "0-1"]
[WhiteElo "1542"]
[BlackElo "1936"]
[PlyCount "46"]
[EventDate "2002.06.21"]
[EventType "swiss"]
[EventRounds "5"]
[EventCountry "CAN"]

1. e4 c5 2. d3 Nc6 3. Ne2 Nf6 4. b3 g6 5. Nbc3 Bg7 6. Bb2 O-O 7. h3 Qc7 8. Ng3
Re8 9. Qf3 Ne5 10. Qe2 d5 11. O-O-O c4 12. Nb5 Nxd3+ 13. cxd3 Qc5 14. dxc4 dxc4
15. Qxc4 Qxf2 16. Be5 Be6 17. Qe2 Qc5+ 18. Bc3 a6 19. b4 Qxb5 20. Qxb5 axb5 21.
e5 Nd5 22. Kb2 Nxc3 23. Kxc3 Rxa2 0-1

[Event "Winnipeg op"]
[Site "Winnipeg CAN"]
[Date "2002.06.21"]
[Round "1.4"]
[White "Lipnowski, Michael"]
[Black "Shome, Devarshi"]
[Result "1-0"]
[WhiteElo "1919"]
[BlackElo "1434"]
[PlyCount "56"]
[EventDate "2002.06.21"]
[EventType "swiss"]
[EventRounds "5"]
[EventCountry "CAN"]

1. d4 Nf6 2. c4 g6 3. Nc3 Bg7 4. e4 d6 5. Nf3 O-O 6. Be2 e5 7. O-O Nc6 8. d5
Ne7 9. Nd2 Nd7 10. b4 f5 11. Ba3 b6 12. Nb3 a5 13. bxa5 bxa5 14. c5 a4 15. cxd6
cxd6 16. Nd2 Nc5 17. Bxc5 dxc5 18. Nc4 fxe4 19. d6 Bb7 20. dxe7 Qxe7 21. Nd5
Qg5 22. Nde3 Rad8 23. Qxa4 Rd4 24. Qb3 Rf7 25. a4 Kf8 26. a5 Ba8 27. Nb6 Rb7
28. a6 Rb8 1-0

[Event "Winnipeg op"]
[Site "Winnipeg CAN"]
[Date "2002.06.21"]
[Round "1.6"]
[White "Mu, Yuchen"]
[Black "Hou, Jeff"]
[Result "1-0"]
[WhiteElo "1802"]
[BlackElo "1361"]
[PlyCount "81"]
[EventDate "2002.06.21"]
[EventType "swiss"]
[EventRounds "5"]
[EventCountry "CAN"]

1. d4 d5 2. c4 e6 3. Nc3 Nf6 4. Bg5 Nc6 5. Nf3 Be7 6. e3 h6 7. Bxf6 Bxf6 8. Bd3
dxc4 9. Bxc4 O-O 10. O-O Bd7 11. a3 a5 12. Bb3 Rb8 13. Rc1 b5 14. Ne4 a4 15.
Bc2 Be7 16. Qd3 f5 17. Ng3 Bd6 18. Rfd1 b4 19. Bxa4 bxa3 20. bxa3 Nb4 21. Qc4
Bxa4 22. Qxe6+ Kh8 23. axb4 Bxd1 24. Rxd1 Bxg3 25. hxg3 Rxb4 26. Ne5 Rb2 27.
Nf7+ Rxf7 28. Qxf7 Qg5 29. Qxc7 Qh5 30. Rf1 Qe2 31. Qc8+ Kh7 32. Qxf5+ Kg8 33.
d5 Rd2 34. Qe6+ Kh7 35. d6 Rd1 36. Rxd1 Qxd1+ 37. Kh2 Qh5+ 38. Qh3 Qd5 39. d7
Kg6 40. e4 Kf7 41. exd5 1-0